Finite elements for structural analysis / (Record no. 1233)
[ view plain ]
| 000 -LEADER | |
|---|---|
| fixed length control field | 00410 a2200121 4500 |
| 020 ## - INTERNATIONAL STANDARD BOOK NUMBER | |
| International Standard Book Number | 0133170993 |
| 082 ## - DEWEY DECIMAL CLASSIFICATION NUMBER | |
| Classification number | 624.171 WEA |
| 100 ## - MAIN ENTRY--PERSONAL NAME | |
| Personal name | Weaver, William, |
| 245 ## - TITLE STATEMENT | |
| Title | Finite elements for structural analysis / |
| Statement of responsibility, etc. | William Weaver, Jr., Paul R. Johnston. |
| 260 ## - PUBLICATION, DISTRIBUTION, ETC. | |
| Place of publication, distribution, etc. | Englewood Cliffs, N.J. : |
| Name of publisher, distributor, etc. | Prentice-Hall, |
| Date of publication, distribution, etc. | 1984. |
| 300 ## - PHYSICAL DESCRIPTION | |
| Extent | xi, 403 p. : |
| Other physical details | ill. ; |
| Dimensions | 24 cm. |
| 650 ## - SUBJECT ADDED ENTRY--TOPICAL TERM | |
| Topical term or geographic name entry element | Finite element method. |
| 650 ## - SUBJECT ADDED ENTRY--TOPICAL TERM | |
| Topical term or geographic name entry element | Structural analysis (Engineering) |
| Withdrawn status | Lost status | Damaged status | Not for loan | Permanent Location | Current Location | Shelving location | Date acquired | Total Checkouts | Full call number | Barcode | Date last seen | Price effective from | Koha item type |
|---|---|---|---|---|---|---|---|---|---|---|---|---|---|
| School of Civil and Environmental Engineering (SCEE) | School of Civil and Environmental Engineering (SCEE) | 624.171 WEA | NIT-2976 | 01/05/2017 | 01/05/2017 | Book |
